District laboratory practice in tropical countries / (Record no. 330338)

000 -LEADER
fixed length control field 01443cam a2200337 a 4500
001 - CONTROL NUMBER
control field 14298908
003 - CONTROL NUMBER IDENTIFIER
control field NUST
005 - DATE AND TIME OF LATEST TRANSACTION
control field 20170621110012.0
008 - FIXED-LENGTH DATA ELEMENTS--GENERAL INFORMATION
fixed length control field 060314m20052006enka b 001 0 eng
010 ## - LIBRARY OF CONGRESS CONTROL NUMBER
LC control number 2006273416
020 ## - INTERNATIONAL STANDARD BOOK NUMBER
International Standard Book Number 9780521676304 (v. 1)
020 ## - INTERNATIONAL STANDARD BOOK NUMBER
International Standard Book Number 0521676304 (v. 1)
020 ## - INTERNATIONAL STANDARD BOOK NUMBER
International Standard Book Number 9780521676311 (v. 2)
020 ## - INTERNATIONAL STANDARD BOOK NUMBER
International Standard Book Number 0521676312 (v. 2)
040 ## - CATALOGING SOURCE
Original cataloging agency DLC
Transcribing agency DLC
Modifying agency DLC
050 00 - LIBRARY OF CONGRESS CALL NUMBER
Classification number RC961.5
Item number .C527 2005
082 00 - DEWEY DECIMAL CLASSIFICATION NUMBER
Classification number 616.07 CHE
Edition number 22
100 1# - MAIN ENTRY--PERSONAL NAME
Personal name Cheesbrough, Monica.
9 (RLIN) 3003
245 10 - TITLE STATEMENT
Title District laboratory practice in tropical countries /
Statement of responsibility, etc. Monica Cheesbrough.
250 ## - EDITION STATEMENT
Edition statement 2nd ed.
260 ## - PUBLICATION, DISTRIBUTION, ETC.
Place of publication, distribution, etc. Cambridge ;
-- New York :
Name of publisher, distributor, etc. Cambridge University Press,
Date of publication, distribution, etc. 2005-2006.
300 ## - PHYSICAL DESCRIPTION
Extent 2 Vol. :
Other physical details ill. (some col.) ;
Dimensions 26 cm.
490 0# - SERIES STATEMENT
Series statement Tropical health technology
500 ## - GENERAL NOTE
General note P.B
650 #0 - SUBJECT ADDED ENTRY--TOPICAL TERM
Topical term or geographic name entry element Tropical medicine
Form subdivision Handbooks, manuals, etc.
9 (RLIN) 3005
650 #0 - SUBJECT ADDED ENTRY--TOPICAL TERM
Topical term or geographic name entry element Diagnosis, Laboratory
Form subdivision Handbooks, manuals, etc.
9 (RLIN) 3006
650 #0 - SUBJECT ADDED ENTRY--TOPICAL TERM
Topical term or geographic name entry element Medical laboratories
Geographic subdivision Developing countries.
9 (RLIN) 3007
650 #0 - SUBJECT ADDED ENTRY--TOPICAL TERM
Topical term or geographic name entry element Health service areas
Geographic subdivision Developing countries.
9 (RLIN) 3008
856 42 - ELECTRONIC LOCATION AND ACCESS
Materials specified Publisher description
Uniform Resource Identifier <a href="http://www.loc.gov/catdir/enhancements/fy0633/2006273416-d.html">http://www.loc.gov/catdir/enhancements/fy0633/2006273416-d.html</a>
856 41 - ELECTRONIC LOCATION AND ACCESS
Materials specified Table of contents only
Uniform Resource Identifier <a href="http://www.loc.gov/catdir/enhancements/fy0633/2006273416-t.html">http://www.loc.gov/catdir/enhancements/fy0633/2006273416-t.html</a>
906 ## - LOCAL DATA ELEMENT F, LDF (RLIN)
a 7
b cbc
c origcop
d 2
e ncip
f 20
g y-gencatlg
942 ## - ADDED ENTRY ELEMENTS (KOHA)
Source of classification or shelving scheme
Koha item type Book
Call number prefix IESE
Holdings
Withdrawn status Lost status Source of classification or shelving scheme Damaged status Not for loan Collection code Permanent Location Current Location Shelving location Date acquired Total Checkouts Full call number Barcode Date last seen Price effective from Koha item type
            Institute of Environmental Science and Engineering (IESE) Institute of Environmental Science and Engineering (IESE) General Stacks 06/21/2017   616.07 CHE IESE-2774 06/21/2017 06/21/2017 Book
© 2023 Central Library, National University of Sciences and Technology. All Rights Reserved.